[Event "31. DSenEM2019 Gruppe 65+"]
[Site "Radebeul"]
[Date "2019.04.30"]
[Round "5.1"]
[White "Khanukov, Boris"]
[Black "Kiefer, Gerhard"]
[Result "1/2-1/2"]
[WhiteElo "2250"]
[BlackElo "2279"]
[PlyCount "32"]
[EventDate "2019.??.??"]
[WhiteTeam "Bahn-SC Wuppertal"]
[BlackTeam "SC Emmendingen"]

1. Nf3 c5 2. c4 Nc6 3. Nc3 Nf6 4. g3 g6 5. Bg2 Bg7 6. d4 cxd4 7. Nxd4 O-O 8.
O-O Nxd4 9. Qxd4 d6 10. Qd2 Qc7 11. b3 a6 12. Bb2 Bd7 13. Rac1 Rac8 14. Rfd1
Qb6 15. h3 Qa7 16. e3 b5 1/2-1/2

[Event "31. DSenEM2019 Gruppe 65+"]
[Site "Radebeul"]
[Date "2019.04.30"]
[Round "5.2"]
[White "Prüfer, Friedbert"]
[Black "Rotstein, Jefim"]
[Result "0-1"]
[WhiteElo "2196"]
[BlackElo "2326"]
[PlyCount "62"]
[EventDate "2019.??.??"]
[WhiteTeam "TSG Taucha"]
[BlackTeam "SC Tornado Hochneukirch"]

1. d4 Nf6 2. Bg5 c5 3. d5 Qb6 4. Nc3 Qxb2 5. Bd2 Qb6 6. e4 d6 7. f4 e6 8. Rb1
Qd8 9. Bb5+ Bd7 10. dxe6 fxe6 11. Nf3 Nc6 12. a4 Be7 13. Bc4 Qc7 14. Qe2 O-O-O
15. O-O Nxe4 16. Nxe4 d5 17. Neg5 Bxg5 18. Nxg5 Nd4 19. Qf2 dxc4 20. Nf7 Bxa4
21. Nxh8 Bxc2 22. Rb2 Bd3 23. Re1 Rxh8 24. f5 e5 25. f6 Rf8 26. Bf4 Rxf6 27.
Rxe5 Qxe5 28. Bxe5 Rxf2 29. Rxf2 c3 30. Bxg7 c2 31. Bh6 b5 0-1

[Event "31. DSenEM2019 Gruppe 65+"]
[Site "Radebeul"]
[Date "2019.04.30"]
[Round "5.3"]
[White "Hess, Christian Mathias"]
[Black "Schumacher, Gottfried"]
[Result "1/2-1/2"]
[WhiteElo "2246"]
[BlackElo "2202"]
[PlyCount "88"]
[EventDate "2019.??.??"]
[WhiteTeam "FC ST.Pauli"]
[BlackTeam "HTC Bad Neuenahr"]

1. c4 Nf6 2. Nc3 e6 3. e4 d5 4. e5 Nfd7 5. d4 dxc4 6. Bxc4 c5 7. Nf3 cxd4 8.
Qxd4 Nc6 9. Qe4 Nc5 10. Qe2 a6 11. O-O b5 12. Rd1 Qc7 13. Bb3 Nxb3 14. axb3 Bb7
15. Bf4 Nb4 16. Nd4 Qb6 17. Ne4 Rd8 18. Bg5 Rd7 19. Nf5 exf5 20. Nd6+ Bxd6 21.
exd6+ Be4 22. Be3 Qb7 23. f3 O-O 24. fxe4 Re8 25. Bc5 Nc6 26. Re1 Re5 27. b4
Nd8 28. Qh5 g6 29. Qg5 Rxe4 30. Qf6 Ne6 31. Rad1 Qc6 32. Rxe4 Qxe4 33. h3 a5
34. Bd4 Nxd4 35. Rxd4 Qe1+ 36. Kh2 axb4 37. Rd5 Qe6 38. Qd4 f6 39. Kh1 Kf7 40.
Rxb5 Rxd6 41. Rb7+ Kg8 42. Rb8+ Kf7 43. Rb7+ Kg8 44. Rb8+ Kf7 1/2-1/2

[Event "31. DSenEM2019 Gruppe 65+"]
[Site "Radebeul"]
[Date "2019.04.30"]
[Round "5.4"]
[White "Böhm, Erwin"]
[Black "Ackermann, Hans Werner"]
[Result "0-1"]
[WhiteElo "2155"]
[BlackElo "2237"]
[PlyCount "62"]
[EventDate "2019.??.??"]
[WhiteTeam "SV Dresden-Leuben"]
[BlackTeam "SC Hansa Dortmund"]

1. e4 g6 2. Nc3 Bg7 3. g3 c5 4. Bg2 Nc6 5. d3 d6 6. Be3 e6 7. Qd2 Qa5 8. Nd1
Qxd2+ 9. Kxd2 Nge7 10. c3 b6 11. Ne2 Ba6 12. f4 Rd8 13. Bf2 O-O 14. Ne3 d5 15.
exd5 exd5 16. Nc2 Nf5 17. Rae1 h5 18. b3 Rfe8 19. Nc1 Rf8 20. a3 Bc8 21. b4 c4
22. Ne2 cxd3 23. Kxd3 Nd6 24. Ned4 Ba6+ 25. Kd2 Nc4+ 26. Kd1 Nxd4 27. Bxd4 Rd7
28. Bxg7 Kxg7 29. Kc1 Bb5 30. Rd1 Rfd8 31. Rhe1 Ba4 0-1

[Event "31. DSenEM2019 Gruppe 65+"]
[Site "Radebeul"]
[Date "2019.04.30"]
[Round "5.5"]
[White "Juhnke, Juergen"]
[Black "Rosen, Willy"]
[Result "1-0"]
[WhiteElo "2230"]
[BlackElo "2178"]
[PlyCount "83"]
[EventDate "2019.??.??"]
[WhiteTeam "HSK Lister Turm"]
[BlackTeam "SF Essen-Katernberg"]

1. e4 c5 2. Nf3 Nc6 3. d4 cxd4 4. Nxd4 Qb6 5. Nb3 Nf6 6. Nc3 e6 7. Bd3 Bb4 8.
Bd2 O-O 9. O-O d6 10. a3 Bxc3 11. Bxc3 e5 12. Bd2 Bg4 13. Qe1 Be6 14. Be3 Qc7
15. c4 Nh5 16. Rc1 g6 17. Qd1 b6 18. Be2 Ng7 19. Qd3 Rad8 20. Nd2 Qe7 21. b4
Kh8 22. f4 f5 23. Bf3 exf4 24. Bxf4 Ne5 25. Qc3 g5 26. Bxe5 dxe5 27. exf5 Rxf5
28. Rfe1 Qd6 29. Ne4 Qd4+ 30. Qxd4 exd4 31. c5 d3 32. Red1 Re5 33. Nd6 bxc5 34.
Rxd3 Kg8 35. Rxc5 Rxc5 36. bxc5 Ne8 37. Re3 Bf7 38. Nxf7 Kxf7 39. Bh5+ Kf8 40.
Rxe8+ Rxe8 41. Bxe8 Kxe8 42. Kf2 1-0

[Event "31. DSenEM2019 Gruppe 65+"]
[Site "Radebeul"]
[Date "2019.04.30"]
[Round "5.6"]
[White "Hülsmann, Josef"]
[Black "Kannenberg, Karl-Heinz"]
[Result "1-0"]
[WhiteElo "2215"]
[BlackElo "2169"]
[PlyCount "85"]
[EventDate "2019.??.??"]
[WhiteTeam "Langenfelder SF"]
[BlackTeam "SC Kitzingen"]

1. d4 d5 2. c4 c6 3. cxd5 cxd5 4. Nc3 Nf6 5. Nf3 Nc6 6. Bf4 a6 7. e3 Bg4 8. Be2
e6 9. h3 Bxf3 10. Bxf3 Bd6 11. Bxd6 Qxd6 12. O-O O-O 13. Qd2 b5 14. Rac1 Rac8
15. Rfd1 Rfd8 16. Qe1 h6 17. g3 Rc7 18. Bg2 Rdc8 19. Bf1 Na5 20. Bxb5 Qb6 21.
Bf1 Qxb2 22. Na4 Qxc1 23. Rxc1 Rxc1 24. Qxa5 Ne4 25. Nc5 Nxc5 26. dxc5 R8xc5
27. Qxa6 Rd1 28. Kg2 g6 29. Qe2 Rdc1 30. Qb2 R5c2 31. Qb3 Rd2 32. a4 Rcc2 33.
Qb8+ Kg7 34. Qe5+ Kg8 35. Qf6 Ra2 36. Bb5 Rdb2 37. Be8 Rb7 38. g4 Rc7 39. h4
Kf8 40. Bb5 Rcc2 41. h5 gxh5 42. gxh5 Kg8 43. Be8 1-0

[Event "31. DSenEM2019 Gruppe 65+"]
[Site "Radebeul"]
[Date "2019.04.30"]
[Round "5.7"]
[White "Baum, Bernd"]
[Black "Lutz, Albert"]
[Result "1/2-1/2"]
[WhiteElo "2183"]
[BlackElo "2138"]
[PlyCount "83"]
[EventDate "2019.??.??"]
[WhiteTeam "SC Fulda"]
[BlackTeam "SK Krumbach"]

1. g3 Nf6 2. Bg2 d5 3. Nf3 g6 4. d4 Bg7 5. O-O O-O 6. Bf4 c5 7. c3 Nbd7 8. a4
b6 9. a5 bxa5 10. Qa4 Qb6 11. Nbd2 cxd4 12. cxd4 Bb7 13. Qxa5 Rfc8 14. Qa4 Bc6
15. Qa2 e6 16. Rfc1 Bb5 17. Bf1 a6 18. h3 Rc6 19. Rxc6 Qxc6 20. Nb3 Bc4 21. Na5
Bxa2 22. Nxc6 Bc4 23. e3 Bxf1 24. Kxf1 Bf8 25. g4 Nb6 26. Nfe5 Nfd7 27. Ke2
Nxe5 28. Nxe5 Bd6 29. Nxg6 hxg6 30. Bxd6 Nc4 31. Ba3 Rb8 32. Ra2 a5 33. Kd3 a4
34. Kc3 Rb3+ 35. Kc2 Rb7 36. h4 f5 37. gxf5 gxf5 38. Bc5 Kf7 39. Kc1 Kf6 40.
Rxa4 Nxb2 41. Ra3 Nc4 42. Ra8 1/2-1/2

[Event "31. DSenEM2019 Gruppe 65+"]
[Site "Radebeul"]
[Date "2019.04.30"]
[Round "5.8"]
[White "Jacob, Helmut"]
[Black "Dresen, Ulrich"]
[Result "0-1"]
[WhiteElo "2107"]
[BlackElo "2228"]
[PlyCount "76"]
[EventDate "2019.??.??"]
[WhiteTeam "SK Ochtrup"]
[BlackTeam "SF Gerresheim"]

1. e4 e5 2. Nf3 Nc6 3. Nc3 Nf6 4. d4 Bb4 5. Nxe5 Qe7 6. Nxc6 Qxe4+ 7. Qe2 Bxc3+
8. bxc3 dxc6 9. f3 Qxe2+ 10. Bxe2 Be6 11. Kf2 Nd5 12. Bd2 Nb6 13. Rhb1 O-O-O
14. a4 a5 15. Bd3 Rhe8 16. Rb2 Re7 17. h4 Rde8 18. Rab1 Nc4 19. Bxc4 Bxc4 20.
Bf4 Re2+ 21. Kg3 b6 22. h5 f6 23. Bxc7 Kxc7 24. Rxb6 R8e7 25. Rb8 h6 26. R1b7+
Kd6 27. Rd8+ Ke6 28. Rb6 Rc7 29. Ra8 Rxc2 30. Rxa5 Kd7 31. Rc5 Bf1 32. a5 Rxg2+
33. Kf4 Rg5 34. Rxg5 fxg5+ 35. Ke5 Ra7 36. Ke4 Bc4 37. Kf5 Bd3+ 38. Ke5 Rxa5+
0-1

[Event "31. DSenEM2019 Gruppe 65+"]
[Site "Radebeul"]
[Date "2019.04.30"]
[Round "5.9"]
[White "Syré, Christian"]
[Black "Leiber, Bernard"]
[Result "1-0"]
[WhiteElo "2210"]
[BlackElo "2110"]
[PlyCount "71"]
[EventDate "2019.??.??"]
[WhiteTeam "TSG Oberschöneweide"]
[BlackTeam "SV Osnabrück"]

1. Nf3 d5 2. g3 Nc6 3. d4 Nf6 4. Bg2 Bg4 5. h3 Bf5 6. a3 e6 7. O-O Bd6 8. c4
O-O 9. Nc3 Ne4 10. cxd5 Nxc3 11. bxc3 exd5 12. c4 Be4 13. cxd5 Bxd5 14. Qd3 f5
15. Bb2 Qe7 16. Nd2 Bxg2 17. Kxg2 Rae8 18. Rae1 Qd7 19. e3 a6 20. Nc4 b5 21.
Rc1 Be7 22. Nd2 Bf6 23. Qc3 Re6 24. Kh2 Rd6 25. Nb3 f4 26. gxf4 Qf5 27. Qc2 Qh5
28. Rg1 Re8 29. Rg3 a5 30. Rcg1 a4 31. Nc5 Kh8 32. Nb7 Rde6 33. f5 Re4 34. Qxc6
Qxf5 35. Nc5 R4e7 36. Rf3 1-0

[Event "31. DSenEM2019 Gruppe 65+"]
[Site "Radebeul"]
[Date "2019.04.30"]
[Round "5.10"]
[White "Dekan, Hans"]
[Black "Kierzek, Matthias"]
[Result "1/2-1/2"]
[WhiteElo "2102"]
[BlackElo "2196"]
[PlyCount "96"]
[EventDate "2019.??.??"]
[WhiteTeam "SC Eppingen"]
[BlackTeam "SC Fulda"]

1. e4 c6 2. Nc3 d5 3. Nf3 Bg4 4. h3 Bxf3 5. Qxf3 e6 6. d3 Nd7 7. Be2 Bb4 8. O-O
d4 9. Nb1 Ngf6 10. Qg3 Qe7 11. c3 Bd6 12. f4 dxc3 13. bxc3 e5 14. f5 Bc5+ 15.
Kh1 O-O 16. Bh6 Ne8 17. f6 Ndxf6 18. Rf5 Nd7 19. Nd2 Kh8 20. Bg5 f6 21. Be3
Bxe3 22. Qxe3 Nd6 23. Rff1 c5 24. Bg4 b6 25. a4 Rfd8 26. a5 Nf8 27. axb6 axb6
28. Nc4 Nxc4 29. dxc4 Rxa1 30. Rxa1 Ne6 31. Qf2 Ng5 32. Qe2 Qb7 33. Rd1 Qc7 34.
Rd5 g6 35. Qd3 Rxd5 36. Qxd5 Kg7 37. h4 Nf7 38. Be6 Nd8 39. Bd7 Kf8 40. Bb5 Kg7
41. Bd7 Nb7 42. Be6 Nd6 43. Qa8 Nf7 44. Qe8 h5 45. Bd5 Nh6 46. Be6 Qd6 47. Bd5
Qc7 48. Be6 Qd6 1/2-1/2

[Event "31. DSenEM2019 Gruppe 65+"]
[Site "Radebeul"]
[Date "2019.04.30"]
[Round "5.11"]
[White "Hanisch, Friedrich"]
[Black "Rahls, Peter"]
[Result "1/2-1/2"]
[WhiteElo "2095"]
[BlackElo "2193"]
[PlyCount "128"]
[EventDate "2019.??.??"]
[WhiteTeam "SV Altensittenbach"]
[BlackTeam "SK Zehlendorf"]

1. d4 c5 2. d5 e5 3. e4 d6 4. Nc3 Be7 5. Be2 a6 6. a4 Bg5 7. Nf3 Bxc1 8. Qxc1
Ne7 9. O-O O-O 10. Nd2 Nd7 11. Nc4 Nf6 12. f4 exf4 13. Qxf4 Ne8 14. Rad1 Ng6
15. Qg3 b5 16. axb5 axb5 17. Nxb5 Ba6 18. Nc3 Bxc4 19. Bxc4 Ne5 20. Be2 c4 21.
Qe3 Rb8 22. Rb1 Nf6 23. h3 Nfd7 24. Qd4 Qc7 25. Nd1 Rfc8 26. Ne3 g6 27. Bg4 Qb6
28. Qxb6 Rxb6 29. Bxd7 Nxd7 30. Nd1 Re8 31. Nc3 Nc5 32. Rfe1 f6 33. g4 Reb8 34.
Nd1 Na4 35. Re3 R6b7 36. Kf2 Re8 37. Kf3 Kg7 38. Nc3 Nc5 39. Ne2 Kh6 40. h4 Kg7
41. Ng3 Reb8 42. Nf1 Rxb2 43. Rxb2 Rxb2 44. Rc3 Nd7 45. Ne3 Ne5+ 46. Kg3 Rb4
47. g5 Ra4 48. Kf4 h6 49. gxh6+ Kxh6 50. Kg3 Kg7 51. Ng2 Kf7 52. Ne3 Ke7 53. h5
gxh5 54. Nf5+ Kd7 55. Ng7 h4+ 56. Kxh4 Ra1 57. Nf5 Rf1 58. Kg3 Rg1+ 59. Kf2 Ra1
60. Ke2 Ra2 61. Kd2 Ra4 62. Ke2 Nf7 63. Ne3 Ne5 64. Nf5 Kc7 1/2-1/2

[Event "31. DSenEM2019 Gruppe 65+"]
[Site "Radebeul"]
[Date "2019.04.30"]
[Round "5.12"]
[White "Esswein, Karlheinz"]
[Black "Schulz, Michael"]
[Result "1/2-1/2"]
[WhiteElo "2077"]
[BlackElo "2183"]
[PlyCount "76"]
[EventDate "2019.??.??"]
[WhiteTeam "SK Ludwigshafen"]
[BlackTeam "SC Zitadelle Spandau"]

1. e4 g6 2. d4 Bg7 3. Nc3 c5 4. Nf3 cxd4 5. Nxd4 Nc6 6. Be3 Nf6 7. Be2 O-O 8.
O-O d6 9. Nb3 a5 10. a4 Be6 11. f4 Qc8 12. Kh1 Bg4 13. Nd5 Bxe2 14. Qxe2 Nxd5
15. exd5 Nb4 16. c4 Qf5 17. Bd4 Qd3 18. Qxd3 Nxd3 19. Bxg7 Kxg7 20. Rab1 Rfc8
21. Nd2 Nc5 22. b3 Re8 23. Rbe1 e6 24. dxe6 Rxe6 25. Rxe6 fxe6 26. Re1 Rd8 27.
g3 Kf6 28. Re3 d5 29. cxd5 exd5 30. Re5 Rd6 31. Kg1 h6 32. Re8 Rb6 33. Rd8 Nxb3
34. Nxb3 Rxb3 35. Rxd5 Rb4 36. Rxa5 b6 37. Rb5 Rxa4 38. Rxb6+ Kf5 1/2-1/2

[Event "31. DSenEM2019 Gruppe 65+"]
[Site "Radebeul"]
[Date "2019.04.30"]
[Round "5.13"]
[White "Selig, Rainer"]
[Black "Braun, Gottfried"]
[Result "1/2-1/2"]
[WhiteElo "2048"]
[BlackElo "2181"]
[PlyCount "112"]
[EventDate "2019.??.??"]
[WhiteTeam "SpV Ebersbach/SA"]
[BlackTeam "SG Leipzig"]

1. d4 d6 2. Nf3 Nf6 3. g3 Nc6 4. Bg2 e5 5. dxe5 Nxe5 6. Nxe5 dxe5 7. Qxd8+ Kxd8
8. Bg5 Be7 9. Nc3 c6 10. O-O-O+ Kc7 11. f3 h6 12. Bd2 Be6 13. e4 b5 14. Kb1 Nd7
15. Rhf1 a5 16. f4 f6 17. Be3 a4 18. Ne2 Nb6 19. Nc1 Nc4 20. Bg1 a3 21. b3 Nb2
22. Rde1 Bb4 23. Re2 Bg4 24. Bf3 Bh3 25. Bg2 Bxg2 26. Rxg2 Rhe8 27. Nd3 Bc3 28.
f5 Nxd3 29. cxd3 Red8 30. Kc2 Bb4 31. g4 Rd7 32. h4 Rad8 33. Rf3 c5 34. g5 hxg5
35. hxg5 c4 36. bxc4 bxc4 37. dxc4 Rd2+ 38. Rxd2 Rxd2+ 39. Kb3 Rb2+ 40. Ka4 Bf8
41. c5 Rxa2 42. Rxa3 Rg2 43. Be3 Rg4 44. Kb5 Rxe4 45. Ra7+ Kb8 46. Rf7 Rxe3 47.
Rxf8+ Kc7 48. Rf7+ Kd8 49. gxf6 gxf6 50. Rxf6 Rf3 51. Rd6+ Kc7 52. f6 e4 53.
Re6 e3 54. Re7+ Kd8 55. c6 Rxf6 56. Rxe3 Rf8 1/2-1/2

[Event "31. DSenEM2019 Gruppe 65+"]
[Site "Radebeul"]
[Date "2019.04.30"]
[Round "5.14"]
[White "Szenetra, Werner"]
[Black "Müller, Lutz"]
[Result "1-0"]
[WhiteElo "2177"]
[BlackElo "1985"]
[PlyCount "123"]
[EventDate "2019.??.??"]
[WhiteTeam "SV Berenbostel"]
[BlackTeam "SC Bad Königshofen"]

1. e4 g6 2. Nf3 d6 3. d4 Bg7 4. Bc4 Nf6 5. Qe2 O-O 6. O-O c6 7. Bb3 Qa5 8. h3
Qh5 9. Re1 Na6 10. Bf4 Be6 11. c4 h6 12. e5 dxe5 13. Nxe5 Rfd8 14. Qe3 g5 15.
Bg3 g4 16. Bd1 Qg5 17. hxg4 Qxe3 18. fxe3 Ne4 19. Bf4 Bxe5 20. Bxe5 Nb4 21. Bf3
Ng5 22. Na3 Nd3 23. Re2 Nxe5 24. dxe5 Rd3 25. b3 Rad8 26. Nc2 c5 27. Kf2 b6 28.
Kg3 Kg7 29. Rf1 Bc8 30. Bd5 e6 31. Bc6 Bd7 32. Bf3 Bc8 33. Ne1 R3d7 34. Ref2
Rd2 35. Bc6 Rxf2 36. Rxf2 Rd1 37. Nf3 Bd7 38. Ba8 Rd3 39. Rd2 Rxd2 40. Nxd2 Be8
41. Kf4 Bd7 42. Nf3 Nh7 43. g5 hxg5+ 44. Nxg5 Nxg5 45. Kxg5 Be8 46. Kf4 Bd7 47.
Bb7 Be8 48. g4 Bd7 49. g5 Be8 50. Be4 Bd7 51. g6 fxg6 52. Kg5 Be8 53. Bf3 Bd7
54. Bb7 Be8 55. Bc8 Bf7 56. Bd7 Bg8 57. Be8 Bh7 58. a3 a6 59. b4 a5 60. bxa5
bxa5 61. a4 Bg8 62. Bxg6 1-0

[Event "31. DSenEM2019 Gruppe 65+"]
[Site "Radebeul"]
[Date "2019.04.30"]
[Round "5.15"]
[White "Just, Joachim"]
[Black "Schmidt, Gerhard"]
[Result "0-1"]
[WhiteElo "1970"]
[BlackElo "2172"]
[PlyCount "82"]
[EventDate "2019.??.??"]
[WhiteTeam "Motor Zeitz"]
[BlackTeam "SC Unterhaching"]

1. d4 Nf6 2. Nf3 d5 3. Bg5 e6 4. e3 Be7 5. Nbd2 O-O 6. Bd3 Nbd7 7. Ne5 Nxe5 8.
dxe5 Nd7 9. Bf4 Nc5 10. Be2 b6 11. Nb3 Ba6 12. Bxa6 Nxa6 13. Nd4 c5 14. Nf3 Nb4
15. h4 f6 16. h5 Nc6 17. Qe2 fxe5 18. Nxe5 Nxe5 19. Bxe5 Bf6 20. Qg4 Qe7 21.
Qg3 Bxe5 22. Qxe5 Rf5 23. Qg3 Qf6 24. O-O-O Rxf2 25. h6 g6 26. Qc7 Qf7 27.
Qxf7+ Kxf7 28. Rh4 g5 29. Rg4 Kg6 30. c4 Rd8 31. cxd5 Rxd5 32. Ra4 Rxd1+ 33.
Kxd1 a5 34. Kc1 Rxg2 35. Ra3 g4 36. Rb3 g3 37. Rxb6 Rf2 38. Rxe6+ Kf7 39. Ra6
g2 40. Ra7+ Ke6 41. Rg7 Rf1+ 0-1

[Event "31. DSenEM2019 Gruppe 65+"]
[Site "Radebeul"]
[Date "2019.04.30"]
[Round "5.16"]
[White "Beilfuss, Wilfried"]
[Black "Waltenberger, Udo"]
[Result "1/2-1/2"]
[WhiteElo "2148"]
[BlackElo "1944"]
[PlyCount "33"]
[EventDate "2019.??.??"]
[BlackTeam "SV Eiche Reichenbrand"]

1. g3 c5 2. Bg2 Nc6 3. Nf3 g6 4. c3 Bg7 5. d4 cxd4 6. cxd4 d5 7. Nc3 Nf6 8. Ne5
O-O 9. Nxc6 bxc6 10. O-O e6 11. Bf4 Ba6 12. Rc1 Qa5 13. b3 Rfc8 14. Na4 Nd7 15.
Bd6 Bb5 16. Nc3 Ba6 17. Na4 1/2-1/2

[Event "31. DSenEM2019 Gruppe 65+"]
[Site "Radebeul"]
[Date "2019.04.30"]
[Round "5.17"]
[White "Türtmann, Dieter"]
[Black "Simon, Ralf-Axel"]
[Result "1/2-1/2"]
[WhiteElo "1947"]
[BlackElo "2126"]
[PlyCount "120"]
[EventDate "2019.??.??"]
[WhiteTeam "ESV Eberswalde"]
[BlackTeam "SK Ricklingen"]

1. b3 e5 2. Bb2 Nc6 3. e3 Nf6 4. Be2 d5 5. a3 Bd6 6. d3 O-O 7. Nd2 Re8 8. Bf3
e4 9. Bxf6 Qxf6 10. dxe4 Qb2 11. Rb1 Qxa3 12. exd5 Nd4 13. Ne2 Nxf3+ 14. Nxf3
Bg4 15. O-O Bxf3 16. gxf3 Be5 17. Kh1 Rad8 18. c4 Qe7 19. f4 Bf6 20. Ng3 g6 21.
Qf3 Bg7 22. e4 Qh4 23. Rbd1 Bh6 24. Ne2 Qf6 25. Rd3 Re7 26. Rg1 Rde8 27. e5 Qf5
28. Rg4 Kh8 29. Rh4 Bg7 30. Nd4 Qd7 31. Qh3 Qxh3 32. Rhxh3 f6 33. e6 f5 34. Ne2
Rd8 35. Rhe3 a5 36. c5 Kg8 37. d6 cxd6 38. cxd6 Ree8 39. d7 Re7 40. Rd5 Bf6 41.
Rxa5 Rg7 42. Rc5 Kf8 43. Rc7 b5 44. Rb7 Ke7 45. Rxb5 Rgg8 46. Rd5 Ra8 47. Kg2
Ra6 48. Nd4 Rd8 49. Nb5 Rxe6 50. Red3 Ra6 51. Nc7 Ra7 52. Re3+ Kf7 53. Ne8
Raxd7 54. Rxd7+ Rxd7 55. Nxf6 Kxf6 56. h4 Rd4 57. Kf3 Rb4 58. Kg3 Rb7 59. Kf3
Rb4 60. Rc3 Kg7 1/2-1/2

[Event "31. DSenEM2019 Gruppe 65+"]
[Site "Radebeul"]
[Date "2019.04.30"]
[Round "5.18"]
[White "Werner, Clemens"]
[Black "Scharff, Klaus"]
[Result "1-0"]
[WhiteElo "2292"]
[BlackElo "1918"]
[PlyCount "75"]
[EventDate "2019.??.??"]
[WhiteTeam "SK Ettlingen"]
[BlackTeam "SV Opladen"]

1. d4 e6 2. Bf4 g5 3. Be5 f6 4. Bg3 h5 5. h4 g4 6. e4 d6 7. Nc3 Bh6 8. Bc4 c6
9. Nge2 Qe7 10. e5 d5 11. exf6 Nxf6 12. Bd3 O-O 13. Nf4 Bxf4 14. Bxf4 Ne4 15.
g3 Nxf2 16. Kxf2 c5 17. Be2 cxd4 18. Qxd4 Nc6 19. Nxd5 exd5 20. Qxd5+ Be6 21.
Qxh5 Qg7 22. Qg5 Ne5 23. Qxg7+ Kxg7 24. h5 Rf5 25. Rad1 Rh8 26. Rd6 Kf7 27. h6
Ke7 28. Rd4 Nf3 29. Bxf3 gxf3 30. Re1 Kf7 31. Rde4 Bd5 32. Re5 Rxe5 33. Rxe5
Bc4 34. g4 Rd8 35. g5 Rd1 36. Rf5+ Ke7 37. g6 Rh1 38. g7 1-0

[Event "31. DSenEM2019 Gruppe 65+"]
[Site "Radebeul"]
[Date "2019.04.30"]
[Round "5.19"]
[White "Zunker, Reinhard"]
[Black "Schmidt, Bodo"]
[Result "0-1"]
[WhiteElo "2046"]
[BlackElo "2313"]
[PlyCount "42"]
[EventDate "2019.??.??"]
[WhiteTeam "SV Hofheim"]
[BlackTeam "SC Siegburg"]

1. Nf3 d5 2. b3 Bg4 3. Ne5 Bf5 4. d4 e6 5. Bb2 c5 6. e3 Nc6 7. Bd3 Bxd3 8. Nxc6
bxc6 9. Qxd3 Nf6 10. Nd2 Be7 11. O-O O-O 12. Nf3 a5 13. Ne5 Qc7 14. Rac1 Bd6
15. f4 Qb6 16. Kh1 a4 17. Ba1 Bxe5 18. dxc5 Qxc5 19. Bxe5 Ne4 20. c4 Qa3 21.
cxd5 Qxc1 0-1

[Event "31. DSenEM2019 Gruppe 65+"]
[Site "Radebeul"]
[Date "2019.04.30"]
[Round "5.20"]
[White "Seidel, Arnold"]
[Black "Postler, Reinhard"]
[Result "0-1"]
[WhiteElo "2018"]
[BlackElo "2247"]
[PlyCount "124"]
[EventDate "2019.??.??"]
[WhiteTeam "Kali Wolmirstedt"]
[BlackTeam "TSG Oberschöneweide"]

1. e4 c5 2. Nf3 e6 3. d4 cxd4 4. Nxd4 Nf6 5. Bd3 Nc6 6. c3 d5 7. Nxc6 bxc6 8.
exd5 exd5 9. O-O Be6 10. Re1 Be7 11. Qc2 O-O 12. Bg5 h6 13. Bh4 Qc7 14. Nd2
Rfe8 15. Nf3 Ng4 16. Bxe7 Rxe7 17. Re2 Rae8 18. Rae1 Nf6 19. Nd4 c5 20. Nxe6
Rxe6 21. g3 Qd6 22. Bf5 Re5 23. f4 R5e7 24. Kf1 g6 25. Bh3 d4 26. Qd3 Rxe2 27.
Rxe2 Rxe2 28. Kxe2 Qb6 29. b3 Nd5 30. cxd4 cxd4 31. Kf3 Nc3 32. Bf1 Nxa2 33.
Qb5 Qc7 34. Qe8+ Kg7 35. Qe5+ Qxe5 36. fxe5 Nc3 37. Bc4 g5 38. g4 f6 39. e6 Kf8
40. Kf2 a5 41. Ke1 Ne4 42. Ke2 Nc5 43. Kf3 Ke7 44. Bd5 Kd6 45. Bc4 d3 46. Ke3
d2 47. Kxd2 Nxe6 48. Ke3 Ke5 49. Bf1 Nd4 50. Bc4 f5 51. gxf5 Nxf5+ 52. Kf3 h5
53. Bf7 g4+ 54. Kg2 h4 55. Be8 Kf4 56. Bh5 h3+ 57. Kf2 g3+ 58. Ke1 g2 59. Kf2
Nd4 60. Kg1 Nf3+ 61. Bxf3 Kxf3 62. b4 a4 0-1

[Event "31. DSenEM2019 Gruppe 65+"]
[Site "Radebeul"]
[Date "2019.04.30"]
[Round "5.21"]
[White "Herbrechtsmeier, Christof"]
[Black "Paus, Franz"]
[Result "1/2-1/2"]
[WhiteElo "2204"]
[BlackElo "2041"]
[PlyCount "62"]
[EventDate "2019.??.??"]
[WhiteTeam "SC Emmendingen"]
[BlackTeam "Schachfüchse Kempen"]

1. e4 Nf6 2. Nc3 d5 3. e5 d4 4. exf6 dxc3 5. fxg7 cxd2+ 6. Qxd2 Bxg7 7. Qg5 Bf6
8. Qh5 Qd4 9. c3 Qe5+ 10. Qxe5 Bxe5 11. Nf3 Bf6 12. Bf4 c6 13. Bc4 Bf5 14. Ne5
Bxe5 15. Bxe5 f6 16. Bd4 Nd7 17. O-O-O b5 18. Be2 Be4 19. Rhe1 Bd5 20. b3 e5
21. Bg4 Ke7 22. Bxd7 Kxd7 23. c4 bxc4 24. bxc4 exd4 25. Rxd4 Kd6 26. cxd5 cxd5
27. Ra4 a5 28. Re3 Rhc8+ 29. Kd2 Rc5 30. Rc3 Rac8 31. Rxc5 Rxc5 1/2-1/2

[Event "31. DSenEM2019 Gruppe 65+"]
[Site "Radebeul"]
[Date "2019.04.30"]
[Round "5.22"]
[White "Hassenrück, Helmut"]
[Black "Vasiljev, Jurij"]
[Result "1/2-1/2"]
[WhiteElo "2199"]
[BlackElo "2042"]
[PlyCount "102"]
[EventDate "2019.??.??"]
[WhiteTeam "SG-Gladbeck"]
[BlackTeam "SF Moers"]

1. d4 d5 2. Nf3 Nf6 3. c4 c6 4. Nc3 e6 5. e3 Nbd7 6. Bd3 dxc4 7. Bxc4 b5 8. Bd3
a6 9. e4 c5 10. e5 cxd4 11. Nxb5 Nxe5 12. Nxe5 axb5 13. Bxb5+ Bd7 14. Nxd7 Qa5+
15. Bd2 Qxb5 16. Nxf8 Kxf8 17. a4 Qb7 18. O-O h6 19. b4 g6 20. Bf4 Qd5 21. Rc1
Ne4 22. Re1 g5 23. Bc7 d3 24. Re3 d2 25. Rc2 Rxa4 26. Rxe4 Ra1 27. Qxa1 d1=Q+
28. Re1 Qxa1 29. Rxa1 Kg7 30. Rc5 Qb3 31. b5 Ra8 32. Rac1 Qb4 33. h3 f6 34. b6
Ra2 35. Rc6 e5 36. Bd8 Qd4 37. Bxf6+ Kf7 38. Rf1 Rb2 39. Bh8 h5 40. Bf6 g4 41.
hxg4 hxg4 42. Bh4 Rxb6 43. Rxb6 Qxb6 44. Re1 e4 45. Kh2 Qd6+ 46. Bg3 Qc6 47.
Bf4 Kg6 48. Kg3 Kf5 49. Rc1 Qb6 50. Rc3 Qd4 51. Ra3 Qb4 1/2-1/2

[Event "31. DSenEM2019 Gruppe 65+"]
[Site "Radebeul"]
[Date "2019.04.30"]
[Round "5.23"]
[White "Partenheimer, Axel"]
[Black "Glasewald, Stefan"]
[Result "1/2-1/2"]
[WhiteElo "2182"]
[BlackElo "2018"]
[PlyCount "80"]
[EventDate "2019.??.??"]
[WhiteTeam "Düsseldorfer SK"]
[BlackTeam "SV Dresden-Striesen"]

1. Nf3 e6 2. c4 d5 3. g3 c6 4. Bg2 Nf6 5. O-O Be7 6. b3 O-O 7. Bb2 Nbd7 8. Qc2
h6 9. d3 Ne8 10. Nbd2 Bf6 11. Rab1 Bxb2 12. Rxb2 e5 13. cxd5 cxd5 14. Rc1 Qf6
15. b4 Nd6 16. e4 d4 17. a4 Re8 18. Qb3 Nb6 19. b5 a5 20. bxa6 Rxa6 21. a5 Na8
22. Rc5 b6 23. axb6 Rxb6 24. Qc2 Rxb2 25. Qxb2 Ba6 26. Bf1 Nb7 27. Rc1 Nb6 28.
Qa2 Ra8 29. Qb3 Nd8 30. Nxe5 Qxe5 31. Qxb6 Ne6 32. Nf3 Qf6 33. Nh4 Qg5 34. Ra1
Nc5 35. Nf5 Nd7 36. Qxd4 Nf6 37. h4 Qd2 38. Nxh6+ Qxh6 39. e5 Ne8 40. Bg2 Rc8
1/2-1/2

[Event "31. DSenEM2019 Gruppe 65+"]
[Site "Radebeul"]
[Date "2019.04.30"]
[Round "5.24"]
[White "Knaak, Joachim"]
[Black "Staub, Gerhard"]
[Result "1-0"]
[WhiteElo "2139"]
[BlackElo "2010"]
[Annotator "lenovo"]
[PlyCount "47"]
[EventDate "2019.??.??"]
[WhiteTeam "SV Dresden-Leuben"]
[BlackTeam "SV Schwaikheim"]

 1. d4 d5 2. c4 c6 3. Nc3 Nf6 4. Nf3 Bf5 5. cxd5 cxd5 6. e3 e6 7. Ne5
a6 8. g4 Be4 9. f3 Bg6 10. h4 h6 11. Nxg6 fxg6 12. Bd3 Bd6 13. Bxg6+ Ke7 14.
Rg1 Nfd7 15. g5 hxg5 16. e4 Bf4 17. exd5 Bxc1 18. Qxc1 exd5 19. Qxg5+ Nf6 20.
O-O-O Kd6 21. Bf7 Kc6 22. Qxg7 Nbd7 23. Rde1 Rxh4 24. Re6+ 1-0

[Event "31. DSenEM2019 Gruppe 65+"]
[Site "Radebeul"]
[Date "2019.04.30"]
[Round "5.25"]
[White "Goldberg, Valerij"]
[Black "Gerl, Hans"]
[Result "1-0"]
[WhiteElo "2117"]
[BlackElo "1975"]
[PlyCount "63"]
[EventDate "2019.??.??"]
[WhiteTeam "SV Lok Dresden"]
[BlackTeam "SGem Fürth"]

1. e4 c5 2. Nf3 d6 3. d4 cxd4 4. Nxd4 Nf6 5. Nc3 a6 6. Bg5 e6 7. f4 Be7 8. Qf3
Nbd7 9. O-O-O Qc7 10. g4 b5 11. Bxf6 Nxf6 12. g5 Nd7 13. f5 Bxg5+ 14. Kb1 Ne5
15. Qh5 Qe7 16. Nxe6 Bxe6 17. fxe6 g6 18. exf7+ Kxf7 19. Qe2 Kg7 20. Nd5 Qd8
21. Qe1 Rf8 22. Be2 Bh4 23. Qb4 Bf2 24. Qd2 Bh4 25. Nf4 Qe7 26. Qd5 Kh8 27.
Rhf1 Bg5 28. Ne6 Rxf1 29. Qxa8+ Rf8 30. Qxf8+ Qxf8 31. Nxf8 Kg7 32. Ne6+ 1-0